| 000 | 01725cam a2200469 a 4500 | ||
|---|---|---|---|
| 001 | sjds1134386 | ||
| 003 | sjds | ||
| 005 | 20180521135849.0 | ||
| 008 | 001218t20011953flua j 000 1 spa | ||
| 010 | _a 00013002 | ||
| 020 | _a0156013924 (pbk.) | ||
| 020 | _a9780156013925 (pbk.) | ||
| 035 | _a359957 | ||
| 035 | _a(OCoLC)45610461 | ||
| 035 | _a359957 | ||
| 040 |
_aDLC _cDLC _dBAKER _dBTCTA _dUtOrBLW |
||
| 041 | 1 |
_aspa _hfre |
|
| 049 | _aIFAA | ||
| 099 | _f2011 | ||
| 999 |
_c20731 _d20731 |
||
| 999 | _bCHILDREN ESPANOL FICTION SAINT-EXUPERY 2011 | ||
| 100 | 1 |
_aSaint-Exupéry, Antoine de, _d1900-1944, _eauthor. |
|
| 240 | 1 | 0 |
_aPetit prince. _lSpanish |
| 245 | 1 | 3 |
_aEl principito / _cAntoine de Saint-Exupéry, con ilustraciones del autor ; traducido del francés por Bonifacio del Carril. |
| 260 |
_aOrlando : _bHarcourt, _c[2001], c1953 |
||
| 264 | 1 |
_aOrlando : _bHarcourt, _c[2001] |
|
| 264 | 4 | _cc1953 | |
| 300 |
_a83 pages : _billustrations (some color) ; _c21 cm. |
||
| 336 |
_atext _btxt _2rdacontent |
||
| 337 |
_aunmediated _bn _2rdamedia |
||
| 338 |
_avolume _bnc _2rdacarrier |
||
| 490 | 1 | _aHarvest book | |
| 500 | _a"Nueva edicion con restaura cion de las illustraciones originales"--Cover. | ||
| 520 | _aAn aviator whose plane is forced down in the Sahara Desert encounters a little prince from a small planet who relates his adventures in seeking the secret of what is important in life. | ||
| 526 | 0 |
_aAccelerated Reader _bMG _c5.0 _d2.0 _z123SP |
|
| 650 | 0 |
_aPrinces _vJuvenile fiction. |
|
| 650 | 0 | _aFairy tales. | |
| 650 | 7 |
_aPríncipes _vNovela juvenil. _2bidex |
|
| 650 | 7 |
_aCuentos de hadas _vLiteratura juvenil. _2bidex |
|
| 700 | 1 | _aCarril, Bonifacio del. | |
| 830 | 0 | _aHarvest book. | |
| 942 | _cBK | ||